Loading...
| Literature - European Literature | 0 | 4 | 0 | 0 | 40 | 49 | 62.75 | 2 | 4 |
| Mythology | 0 | 4 | 0 | 0 | 40 | 39 | 49.25 | 1 | 3 |
| Literature - American Literature | 0 | 3 | 0 | 0 | 30 | 79 | 97.67 | 0 | 2 |
| Literature - British Literature | 0 | 3 | 0 | 0 | 30 | 39 | 83.00 | 1 | 2 |
| Literature - World Literature | 0 | 3 | 0 | 0 | 30 | 54 | 96.00 | 0 | 2 |
| History - European History | 0 | 3 | 0 | 0 | 30 | 36 | 53.67 | 0 | 2 |
| History - Other History | 0 | 3 | 0 | 3 | 30 | 79 | 89.67 | 0 | 1 |
| Religion | 0 | 2 | 0 | 0 | 20 | 53 | 64.50 | 2 | 2 |
| Science - Chemistry | 0 | 1 | 0 | 0 | 10 | 108 | 108.00 | 0 | 0 |
| Science - Physics | 0 | 1 | 0 | 1 | 10 | 86 | 86.00 | 0 | 0 |
| History - World History | 0 | 1 | 1 | 0 | 5 | 52 | 52.00 | 0 | 1 |